000 00709nam a2200205Ii 4500
003 JO-AjNU
008 230605s9999||||xx |||||||||||||| ||und||
017 _a2002/21135
040 _aJO-AjNU
_bara
_erda
_cJO-AjNU
041 _aara
050 1 4 _aPJ6184.I8436 2002
100 3 _aاسكندر، غريب,
_eauthor
_919347
245 0 0 _aالاتجاه السيميائي في نقد الشعر العربي
264 3 1 _aد.م: المجلس الاعلى للثقافة، 2002
300 _a171ص
336 _atext
_btxt
_2rdacontent
337 _aunmediated
_bn
_2rdamedia
338 _avolume
_bnc
_2rdacarrier
650 4 _aالادب العربي-تاريخ ونقد-قرن20-النقد الادبي
_919348
999 _aA6365
_c9933
_d9933